000 00709nam a22002537a 4500
001 53033
003 UA-OsUOA
005 20191122094905.0
007 ta
008 20080312b un ||||| |||| 00| 0 ukr d
020 _a5-89353-215-5
040 _aUA-OsUOA
_brus
_cUA-OsUOA
_dUA-OsUOA
041 _arus
080 _a159.9:7
090 _a159.9:7
_bС90
100 _aСусанина И. В.
245 _aВведение в арт-терапию
_bучебное пособие
260 _aМ.
_bКогито-Центр
_c2007
300 _a95 с.
650 7 _a159.9 Психологія
_2UDC
942 _cBK
_2udc
955 _a2
999 _c339121
_d339121